000 00676nam a2200277Ia 4500
005 20260324142833.0
008 008 260324s9999 xx 000 0 eng d
020 _a9781351025744
037 _aEBOOK
040 _aCRL
040 _beng
040 _cCRL
041 _2eng
041 _aeng
084 _qCRL
100 _aH Dieterich; Egbert Dransfeld; Winrich Voss
_91213414
245 0 _aUrban Land and Property Markets in Germany
260 _bTaylor and Francis
260 _c1993
365 _a
365 _b77.99
856 _uhttp://www.taylorfrancis.com/books/9781351025744
942 _cEBOOK
999 _c1818088
_d1818088